|
|
|
|
| LEADER |
01405nam a2200397Ia 4500 |
| 001 |
EBC546514 |
| 003 |
MiAaPQ |
| 005 |
20200520144314.0 |
| 006 |
m o d | |
| 007 |
cr cn||||||||| |
| 008 |
100304s2010 vtu sb 001 0 eng d |
| 010 |
|
|
|z 2010005765
|
| 020 |
|
|
|z 9781409404521 (pbk. : alk. paper)
|
| 020 |
|
|
|a 9781409404538 (electronic bk.)
|
| 035 |
|
|
|a (MiAaPQ)EBC546514
|
| 035 |
|
|
|a (Au-PeEL)EBL546514
|
| 035 |
|
|
|a (CaPaEBR)ebr10395860
|
| 035 |
|
|
|a (CaONFJC)MIL264339
|
| 035 |
|
|
|a (OCoLC)654029387
|
| 040 |
|
|
|a MiAaPQ
|c MiAaPQ
|d MiAaPQ
|
| 050 |
|
4 |
|a HJ6609
|b .T79 2010
|
| 082 |
0 |
4 |
|a 658.1/2
|2 22
|
| 100 |
1 |
|
|a Truel, Catherine.
|
| 245 |
1 |
2 |
|a A short guide to customs risk
|h [electronic resource] /
|c by Catherine Truel.
|
| 260 |
|
|
|a Burlington, VT :
|b Gower,
|c c2010.
|
| 300 |
|
|
|a xvii, 124 p.
|
| 490 |
1 |
|
|a Short guides to business risk
|
| 504 |
|
|
|a Includes bibliographical references and index.
|
| 533 |
|
|
|a Electronic reproduction. Ann Arbor, MI : ProQuest, 2015. Available via World Wide Web. Access may be limited to ProQuest affiliated libraries.
|
| 650 |
|
0 |
|a Customs administration.
|
| 650 |
|
0 |
|a Risk.
|
| 650 |
|
0 |
|a International trade.
|
| 655 |
|
4 |
|a Electronic books.
|
| 710 |
2 |
|
|a ProQuest (Firm)
|
| 830 |
|
0 |
|a Short guides to business risk series.
|
| 856 |
4 |
0 |
|u https://ebookcentral.proquest.com/lib/matrademy/detail.action?docID=546514
|z Click to View
|